"Magyary Zoltán szeminárium" Az energia diszruptivitása /

Elmentve itt :
Bibliográfiai részletek
Szerző: Nagy Valéria
Dokumentumtípus: Prezentáció
Megjelent: 2025
Kulcsszavak:energia
hajtóerő
energiaaktorok
erőzárás
alakzárás
diszrupció
Tárgyszavak:
Online Access:http://eta.bibl.u-szeged.hu/6072
LEADER 00985nom a2200277 i 4500
001 eta6072
005 20251029073930.0
008 251029s2025 hu o 000 hun d
040 |a SZTE Elektronikus Tananyag Archívum  |b hun 
041 |a hun 
100 1 |a Nagy Valéria 
245 1 0 |a "Magyary Zoltán szeminárium"  |h [elektronikus dokumentum] :  |b Az energia diszruptivitása /  |c  Nagy Valéria 
246 1 0 |a "Zoltán Magyary seminar": The disruptive nature of energy  |h [elektronikus dokumentum] 
260 |c 2025 
300 |a 25 
516 |a Presentation 
650 4 |a Műszaki és technológiai tudományok 
650 4 |a Egyéb műszaki tudományok és technológiák 
650 4 |a Egyéb műszaki tudományok és technológiák 
695 |a energia 
695 |a hajtóerő 
695 |a energiaaktorok 
695 |a erőzárás 
695 |a alakzárás 
695 |a diszrupció 
856 4 0 |u https://eta.bibl.u-szeged.hu/6072/1/szeminarium_2025_25%20dia_NV.ppsx  |z Dokumentum-elérés